Positive general prevention and the idea of civic courage in international criminal law
Klaus Günther considers the contents of the message communicated with international punishment. In his outline of the communicative structure of criminal law in general, he considers the different stages of the communicative sequence and, at the same time, elaborates on the different messages sent a...
| 1. VerfasserIn: | |
|---|---|
| Medienart: | Druck Aufsatz |
| Sprache: | Englisch |
| Veröffentlicht: |
2021
|
| In: |
Why punish perpetrators of mass atrocities?
Jahr: 2021, Seiten: 213-227 |
| Verfügbarkeit prüfen: | HBZ Gateway |
| Schlagwörter: |
MARC
| LEADER | 00000naa a2200000 c 4500 | ||
|---|---|---|---|
| 001 | 1945146362 | ||
| 003 | DE-627 | ||
| 005 | 20251209134529.0 | ||
| 007 | tu | ||
| 008 | 251209s2021 xx ||||| 00| ||eng c | ||
| 020 | |a 9781108475143 | ||
| 035 | |a (DE-627)1945146362 | ||
| 035 | |a (DE-599)KXP1945146362 | ||
| 040 | |a DE-627 |b ger |c DE-627 |e rda | ||
| 041 | |a eng | ||
| 084 | |a 2,1 |2 ssgn | ||
| 100 | 1 | |a Günther, Klaus |d 1957- |e VerfasserIn |0 (DE-588)142879975 |0 (DE-627)640557090 |0 (DE-576)333856643 |4 aut | |
| 109 | |a Günther, Klaus 1957- | ||
| 245 | 1 | 0 | |a Positive general prevention and the idea of civic courage in international criminal law |c Klaus Günther |
| 264 | 1 | |c 2021 | |
| 336 | |a Text |b txt |2 rdacontent | ||
| 337 | |a ohne Hilfsmittel zu benutzen |b n |2 rdamedia | ||
| 338 | |a Band |b nc |2 rdacarrier | ||
| 520 | |a Klaus Günther considers the contents of the message communicated with international punishment. In his outline of the communicative structure of criminal law in general, he considers the different stages of the communicative sequence and, at the same time, elaborates on the different messages sent at each stage to the offender, the victims and the society. He then asks the question of whether these messages can be transferred from the domestic to the international level, i.e., the domestic analogy. While a transfer is possible, Günther argues that some modifications are necessary in particular regarding the normative community as addressees. Günther explains that due to the dual status of each individual, as a member of the ‘international community’ and as a member of the domestic normative community, addressees of international criminal norms at the same time are also always bound by domestic laws. This dual status requires a ‘critical reflective attitude’ with regard to the human rights legitimacy of the domestic law. And in case of a - direct or indirect - norm collision between domestic law and international law, international criminal law delivers the message to disobey the demands of the domestic system: What is required from the addressee of international criminal law norms is civic courage and the willingness to non-conformist behaviour. | ||
| 650 | 4 | |a Expressivism | |
| 650 | 4 | |a stages of communicative sequence in criminal law | |
| 650 | 4 | |a addressees of international criminal law norms | |
| 650 | 4 | |a message of "civic courage" | |
| 773 | 0 | 8 | |i Enthalten in |t Why punish perpetrators of mass atrocities? |b First paperback edition |d Cambridge : Cambridge University Press, 2021 |g (2021), Seite 213-227 |h xviii, 392 Seiten |w (DE-627)1805530976 |z 9781108465892 |z 9781108475143 |7 nnam |
| 773 | 1 | 8 | |g year:2021 |g pages:213-227 |
| 776 | 1 | |o 10.1017/9781108566360.016 | |
| 951 | |a AR | ||
| ELC | |b 1 | ||
| LOK | |0 000 xxxxxcx a22 zn 4500 | ||
| LOK | |0 001 4824780152 | ||
| LOK | |0 003 DE-627 | ||
| LOK | |0 004 1945146362 | ||
| LOK | |0 005 20251209134529 | ||
| LOK | |0 008 251209||||||||||||||||ger||||||| | ||
| LOK | |0 040 |a DE-2619 |c DE-627 |d DE-2619 | ||
| LOK | |0 092 |o n | ||
| LOK | |0 852 |a DE-2619 | ||
| LOK | |0 852 1 |9 00 | ||
| LOK | |0 939 |a 09-12-25 |b l01 | ||
| ORI | |a SA-MARC-krimdoka001.raw | ||
